000 01522nam a2200337Ia 4500
003 GCL
008 140319s9999 xx 000 0 ara d
020 _a175322977
040 _aGCL /
_cGCL
082 0 4 _a955.05
_bع خ
100 1 _aعصام السيد عبد الحميد
245 1 0 _aالخطاب الاعلامى للثورة الايرانية واثره على العلاقات الخارجية /
_cعصام السيد عبد الحميد
250 _aالاولى
260 _aالقاهرة :
_bعين للدراسات والبحوث الانسانية والاجتماعية ،
_c2006
300 _a266 ص ؛
_c24 سم
650 0 4 _aفقه الشيعة
650 0 4 _aالحضارة الفارسية
650 0 4 _aايران - تاريخ
650 0 4 _aايران - العلاقات الخارجية
650 0 4 _aايران - تاريخ - العصر الحديث- الثورة الاسلامية
650 0 4 _aايران - الاحوال السياسية
650 0 4 _aالحضارة الاسلامية - ايران
650 0 4 _aالشيعة - ايران
650 0 4 _aايران - الاحوال الثقافية
650 0 4 _aايران - الاحوال الاجتماعية
650 0 4 _aايران - الاحوال الدينية
650 0 4 _aالخطاب الاعلامى - ايران
650 0 4 _aايران - العلاقات الخارجية - المغرب
650 0 4 _aايران - العلاقات الخارجية - الاتحاد الاوروبى
942 _2ddc
_cBK
999 _c9681
_d9681